Vojenský slovník v komunikácii pravicových extrémistov
Vojenský slovník v komunikácii ĽSNS (Ľudová strana naše Slovensko). Militantný slovník pravicových extrémistov. Kreslené alebo číselné neonacistické symboly. Snaha vyvolať dojem, že existujúca situácia je veľmi zlá, že politici z tzv. demokratického stredu nereprezentujú vôľu ľudu.
Guardado en:
| Autor principal: | |
|---|---|
| Otros Autores: | |
| Formato: | Capítulo de libro |
| Lenguaje: | eslovaco |
| Materias: | |
| Etiquetas: |
Sin Etiquetas, Sea el primero en etiquetar este registro!
|
MARC
| LEADER | 00000naa$a2200000$$$4500 | ||
|---|---|---|---|
| 001 | 0254441 | ||
| 005 | 20240502074052.2 | ||
| 041 | 0 | |a slo | |
| 044 | |a SK | ||
| 245 | 1 | 0 | |a Vojenský slovník v komunikácii pravicových extrémistov |c Radoslav Štefančík, Marina Stanislavovna Matytsina |
| 520 | |a Vojenský slovník v komunikácii ĽSNS (Ľudová strana naše Slovensko). Militantný slovník pravicových extrémistov. Kreslené alebo číselné neonacistické symboly. Snaha vyvolať dojem, že existujúca situácia je veľmi zlá, že politici z tzv. demokratického stredu nereprezentujú vôľu ľudu. | ||
| 610 | 2 | 0 | |a extrémizmus |
| 610 | 2 | 0 | |a strany politické |
| 610 | 2 | 0 | |a komunikácia |
| 610 | 2 | 0 | |a symboly |
| 610 | 2 | 0 | |a armáda |
| 610 | 2 | 0 | |a vojenstvo |
| 100 | 1 | |a Štefančík, Radoslav, 1976- | |
| 700 | 1 | |a Matytsina, Marina Stanislavovna | |